|
|
|
|
| LEADER |
00000nam a2200000Ii 4500 |
| 001 |
DIGUCAUCA0091 |
| 003 |
NyNyDIG |
| 006 |
m o d |
| 007 |
cr ||||||||||| |
| 008 |
220502s2021 ck ob 000 0 spa d |
| 035 |
|
|
|a (OCoLC)1301904930
|
| 040 |
|
|
|a DGITA
|b eng
|e rda
|e pn
|c DGITA
|
| 020 |
|
|
|a 9789587324624
|q eBook
|q pdf
|
| 020 |
|
|
|z 9789587324617
|
| 041 |
1 |
|
|a spa
|h por
|
| 043 |
|
|
|a s-bl---
|
| 050 |
1 |
4 |
|a ML3575.B7 ebook
|
| 100 |
1 |
|
|a Bastos, Rafael José de Menezes,
|e author.
|
| 240 |
1 |
0 |
|a Festa da jaguatirica.
|l Spanish
|s (Larraín González and Uscátegui)
|
| 245 |
1 |
3 |
|a La fiesta del ocelote :
|b una partitura crítico-interpretativa /
|c Rafael José de Menezes Bastos ; traducción, América Larraín y Carlos Uscátegui.
|
| 250 |
|
|
|a Primera edición en español.
|
| 264 |
|
1 |
|a Popayán, Colombia :
|b editorial UC, Editorial Universidad del Cauca,
|c 2021.
|
| 300 |
|
|
|a 1 online resource.
|
| 336 |
|
|
|a text
|b txt
|2 rdacontent
|
| 337 |
|
|
|a computer
|b c
|2 rdamedia
|
| 338 |
|
|
|a online resource
|b cr
|2 rdacarrier
|
| 347 |
|
|
|a text file
|2 rdaft
|
| 347 |
|
|
|b PDF
|
| 500 |
|
|
|a "Convocatoria 2018 traducción".
|
| 504 |
|
|
|a Includes bibliographical references.
|
| 588 |
0 |
|
|a Online resource; title from PDF title page (Digitalia, viewed May 2, 2022)
|
| 650 |
|
0 |
|a Indians of South America
|z Brazil
|z Xingú River Valley
|x Music
|x History and criticism.
|
| 650 |
|
0 |
|a Kamaiurá Indians.
|
| 655 |
|
0 |
|a Electronic books.
|
| 700 |
1 |
|
|a Larraín González, América,
|e translator.
|
| 700 |
1 |
|
|a Uscátegui, Carlos,
|e translator.
|
| 700 |
1 |
|
|i Translation of:
|a Bastos, Rafael José de Menezes.
|t Festa da jaguatirica.
|
| 791 |
2 |
|
|a Digitalia (Firm),
|e distributor.
|
| 793 |
0 |
|
|g Digitalia eBook Collection:
|a Editorial Universidad del Cauca
|
| 776 |
0 |
8 |
|i Print version:
|a Bastos, Rafael José de Menezes.
|s Festa da jaguatirica. Spanish (Larraín González and Uscátegui).
|t Fiesta del ocelote.
|b Primera edición en español.
|d Popayán, Colombia : editorial UC, Editorial Universidad del Cauca, 2021
|z 9789587324617
|
| 856 |
4 |
0 |
|3 Digitalia Hispánica
|u https://www.digitaliapublishing.com/a/111241/
|
| 910 |
|
|
|a Premium collection: 2022
|